LOTR: Rulers of Middle-Earth: Kings of the Noldor - Statistics

General Stats
  • This quiz has been taken 131 times
  • The average score is 7 of 8
Answer Stats
Answer % Correct
Fëanor Eldest son of #1; claimed the title after his father's death.
94%
Fingolfin His son rescued #4 from his captivity in Thangorodrim. #4 subsequently apologized for the burning of the ships and ceded his claim to the kingship to his House.
91%
Finarfin Third son of #1; remained in Aman after the Exile of the Noldor and ruled the remnant of his people in Tirion.
85%
Finwë First King of the Noldor, who led his people on the journey from Middle-earth to Valinor.
83%
Ereinion Gil-Galad After the death of #7 the House of #5 was extinguished in the male line, so the High Kingship passed to the House of #3's last living member.
81%
Fingon Eldest son of #5; claimed the title following the death of his father in single combat with Morgoth.
78%
Turgon Second son of #5 and King of Gondolin. Claimed the kingship after his brother's death in the Nirnaeth Arnoediad.
78%
Maedhros Eldest son of #2; inherited the claim to the kingship after his father's death, but was soon after captured by Morgoth. Ceded his claim.
72%
No matching quizzes found
Score Distribution
Percent of People with Each Score
Percentile by Number Answered
Your Score History
You have not taken this quiz